书目信息 |
| 题名: |
工程数学试题解析:线性代数与概率统计
|
|
| 作者: | 上海交通大学工程数学教研室 编 | |
| 分册: | ||
| 出版信息: | 北京 科学出版社 2001.08 |
|
| 页数: | 224页 | |
| 开本: | 26cm | |
| 丛书名: | ||
| 单 册: | ||
| 中图分类: | TB11-4 , TB11-44 , TB11-44 | |
| 科图分类: | ||
| 主题词: | 工程数学 | |
| 电子资源: | ||
| ISBN: | 7-03-009461-1 | |
| 000 | 00685nam0 2200205 45 | |
| 001 | 0212090814 | |
| 005 | 20021209084933.0 | |
| 010 | @a7-03-009461-1@d22.00CNY | |
| 100 | @a20021209d2001 km y0chiy0120 ea | |
| 101 | 0 | @achi |
| 200 | 1 | @a工程数学试题解析:线性代数与概率统计@AGong Cheng Shu Xue Shi Ti Jie Xi:Xian Xing Dai Shu Yu Gai Lu Tong Ji@f上海交通大学工程数学教研室编@FShang Hai Jiao Tong Da Xue Gong Cheng Shu Xue Jiao Yan Shi Bian |
| 205 | @a1 | |
| 210 | @a北京@c科学出版社@d2001.08 | |
| 215 | @a224页@d26cm | |
| 606 | 0 | @a工程数学 |
| 690 | @aTB11-4@v4 | |
| 690 | @aTB11-44@v4 | |
| 690 | @aTB11-44@v3 | |
| 701 | @a上海交通大学工程数学教研室@4编 | |
| 905 | @a10447@dTB11-44@eS216 | |
| 工程数学试题解析:线性代数与概率统计/上海交通大学工程数学教研室编.-1.-北京:科学出版社,2001.08 |
| 224页;26cm |
| ISBN 7-03-009461-1:22.00CNY |
| ● |
| 相关链接 |
|
|
|
正题名:工程数学试题解析:线性代数与概率统计
索取号:TB11-44/S216
 
预约/预借
| 序号 | 登录号 | 条形码 | 馆藏地/架位号 | 状态 | 备注 |
| 1 | 550985 | 205509859 | 自科二线504/504自科库 40排2列1层/ [索取号:TB11-44/S216] | 在馆 | |
| 2 | 550986 | 205509868 | 自科库501/501自科库 1排4列4层/ [索取号:TB11-44/S216] | 在馆 | |
| 3 | 550987 | 205509877 | 自科库501/501自科库 1排4列4层/ [索取号:TB11-44/S216] | 在馆 |